Before & After They Were Bond (Redux) Quiz Stats

 Plays Quiz not verified by Sporcle

Challenge
Share
Tweet
Embed
Score 0/12 Timer 04:00
0 Plays Today
% Correct
Still Currently Playing Bond
84.6%
No Previous Film Credits
76.9%
The Longest Day
69.2%
The Rocketeer
53.8%
Infamous
46.2%
Universal Soldier
30.8%
Evelyn
30.8%
The Offence
23.1%
The Man Who Haunted Himself
23.1%
Fire, Ice and Dynamite
15.4%
Brenda Starr
15.4%
Love Affair
15.4%

You're not logged in!

Compare scores with friends on all Sporcle quizzes.
OR
Log In

You Might Also Like...

Show Comments

Extras

Top Quizzes Today


Score Distribution

Your Account Isn't Verified!

In order to create a playlist on Sporcle, you need to verify the email address you used during registration. Go to your Sporcle Settings to finish the process.

Report this User

Report this user for behavior that violates our Community Guidelines.

Details: